Countries who are losing population in Jan 2023. - Statistics

General Stats
  • This quiz has been taken 36 times
  • The average score is 23 of 31
Answer Stats
Amount Lost. Answer Population. % Correct
-0.53% Japan 123M
100%
-0.09% Germany 83M
97%
-0.19% Russia 144M
97%
-0.02% China 1.425B
94%
-7.45%! Ukraine 36M
92%
-0.28% Italy 58M
89%
-0.06% South Korea 51M
89%
-0.08% Spain 47M
89%
-1.39% Bulgaria 6M
86%
-0.42% Greece 10.3M
86%
-0.39% Belarus 9M
83%
-0.70% Bosnia and Herzegovina 3.2M
83%
-1.10% Latvia 1.8M
81%
-0.10% Montenegro 626,000
81%
-0.23% Portugal 10.2M
81%
-1.00% Serbia 7M
81%
-0.35% Albania 2.83M
78%
-0.25% Estonia 1.3M
78%
-0.01% Slovenia 2.1M
78%
-0.54% Croatia 4M
75%
-1.15% Lithuania 2.73M
75%
-0.38% North Macedonia 2.0M
75%
-0.47% Monaco 36,000
69%
-0.05% San Marino 33,000
69%
-0.43% Georgia 3.7M
67%
-0.09% Armenia 2.77M
61%
-2.47% Lebanon 5M
47%
-0.16% Cuba 11M
44%
-0.53% Maldives 522,000
33%
-0.24% Saint Vincent and the Grenadines 103,000
33%
-0.06% Jamaica 2.82M
31%
No matching quizzes found
Score Distribution
Percent of People with Each Score
Percentile by Number Answered
Your Score History
You have not taken this quiz